• 首页
  • 本馆介绍
  • 公告通知
  • 最新文献
  • 馆藏检索
  • 电子资源
  • 读者导购
  • 参考咨询
  • 我的图书馆
  • 登录
  • 详细信息显示
  • 放入我的书架
  • 预约/预借图书
  • 作者相关作品
  • 分类相关作品
  • 丛书相关作品
  • 出版社相关作品

书目信息

  • 表格格式
  • 工作单格式
  • 卡片格式
题名:
粮食作物防灾减灾知识有问必答
    
 
作者: 刘霞 , 李勇 , 穆春华 主编
分册:  
出版信息: 北京   中国农业出版社  2020.06
页数: 104页
开本: 21cm
丛书名:
单 册:
中图分类: S510.5-44
科图分类:
主题词: 粮食作物--liang shi zuo wu--灾害防治--基本知识
电子资源:
ISBN: 978-7-109-26823-4
000 01079nam0 2200289 450
001 0106081852
005 20201106082046.0
010    @a978-7-109-26823-4@dCNY18.00
100    @a20200911d2020 em y0chiy50 ea
101 0  @achi
102    @aCN@b110000
105    @aa z 000yy
106    @ar
200 1  @a粮食作物防灾减灾知识有问必答@Aliang shi zuo wu fang zai jian zai zhi shi you wen bi da@f刘霞, 李勇, 穆春华主编
210    @a北京@c中国农业出版社@d2020.06
215    @a104页@c图, 照片@d21cm
300    @a新时代科技特派员赋能乡村振兴答疑系列
304    @a山东省科学技术厅 山东省农业科学院 山东农学会组编
306    @a题名页出版者题:中国农业出版社,农村读物出版社
330    @a本书共分3章,内容涵盖突发重大疫情对农业生产的影响、应对措施及建议,小麦常见灾害及预防应对,玉米常见灾害及预防应对。
606 0  @a粮食作物@Aliang shi zuo wu@x灾害防治@x基本知识
690    @aS510.5-44@v5
701  0 @a刘霞@Aliu xia@4主编
701  0 @a李勇@Ali yong@4主编
701  0 @a穆春华@Amu chun hua@4主编
801  0 @aCN@bBJSZM@c20201106
905    @b1193460-3@dS510.5-44@e124@f4
    
    粮食作物防灾减灾知识有问必答/刘霞, 李勇, 穆春华主编.-北京:中国农业出版社,2020.06
    104页:图, 照片;21cm
    新时代科技特派员赋能乡村振兴答疑系列
    
    ISBN 978-7-109-26823-4:CNY18.00
    本书共分3章,内容涵盖突发重大疫情对农业生产的影响、应对措施及建议,小麦常见灾害及预防应对,玉米常见灾害及预防应对。
●
相关链接 在E读中查询图书 在五车中查询图书 在当当中查询图书 在豆瓣中查询图书


正题名:粮食作物防灾减灾知识有问必答     索取号:S510.5-44/124         预约/预借

序号 登录号 条形码 馆藏地/架位号 状态 备注
1 1193460   211934601   第二样本阅览室/ [索取号:S510.5-44/124] 在馆    
2 1193461   211934610   第三借阅区/ [索取号:S510.5-44/124] 在馆    
3 1193462   211934629   第三借阅区/ [索取号:S510.5-44/124] 在馆    
4 1193463   211934638   第三借阅区/ [索取号:S510.5-44/124] 在馆    
唐山师范学院图书馆 欢迎您!
大连网信软件有限公司© 版权所有